000 00790nam a2200253Ia 4500
003 OSt
005 20221005112725.0
006 a|||||r|||| 00| 0
007 ta
008 221004b |||||||| |||| 00| 0 pan d
020 _c90
024 _a11508
037 _b839, 20/03/2014, H.K. Prakashan
_cTextual
040 _aCRL
_cCRL
_bpan
041 _2pan
_apan
082 _aQ8441:21:g, P4
100 _aਮਹਿੰਦਰ ਕੌਰ
245 0 _aਜਪੁ ਬਾਣੀ ਵਿਚਾਰ
260 _aਦਿੱਲੀ
_bਆਰਸੀ ਪਬਲਿFਰਗ਼ ਭਾਰਤ
_c2004
300 _a110ਪੰ
_ccm.
650 _aਧਰਮ
942 _hQ8441:21:g, P4
_cTEXL
_2cc
999 _c1025778
_d1025778